The relationship of CPA exam delay after graduation to institutional CPA exam pass rates (Record no. 311735)
[ view plain ]
| 000 -LEADER | |
|---|---|
| fixed length control field | 00493nam a2200145Ia 4500 |
| 008 - FIXED-LENGTH DATA ELEMENTS--GENERAL INFORMATION | |
| fixed length control field | 170221s9999 xx 000 0 und d |
| 100 ## - MAIN ENTRY--PERSONAL NAME | |
| Personal name | John D. Morgan |
| 245 #4 - TITLE STATEMENT | |
| Title | The relationship of CPA exam delay after graduation to institutional CPA exam pass rates |
| 245 ## - TITLE STATEMENT | |
| Statement of responsibility, etc | John D. Morgan, Winona State University. |
| 260 ## - PUBLICATION, DISTRIBUTION, ETC. (IMPRINT) | |
| Name of publisher, distributor, etc | Journal of Management and Marketing Research |
| 260 ## - PUBLICATION, DISTRIBUTION, ETC. (IMPRINT) | |
| Date of publication, distribution, etc | 2012 |
| 300 ## - PHYSICAL DESCRIPTION | |
| Extent | 12 : 2 |
| 650 ## - SUBJECT ADDED ENTRY--TOPICAL TERM | |
| General subdivision | Business |
| 856 ## - ELECTRONIC LOCATION AND ACCESS | |
| Uniform Resource Identifier | <a href="http://www.aabri.com/manuscripts/142062.pdf">http://www.aabri.com/manuscripts/142062.pdf</a> |
| Withdrawn status | Lost status | Damaged status | Home library | Current library | Date acquired | Total Checkouts | Date last seen | Price effective from | Koha item type |
|---|---|---|---|---|---|---|---|---|---|
| College Library | College Library | 02/21/2017 | 02/21/2017 | 02/21/2017 | Foreign e-journal articles |